Trabajo, individuo y sociedad: perspectivas psicosociológicas sobre el futuro del trabajo
Guardat en:
| Autor principal: | |
|---|---|
| Altres autors: | |
| Format: | Llibre |
| Idioma: | espanyol |
| Publicat: |
Madrid
Pirámide
2001
|
| Col·lecció: | Psicología
|
| Matèries: | |
| Etiquetes: |
Afegir etiqueta
Sense etiquetes, Sigues el primer a etiquetar aquest registre!
|
MARC
| LEADER | 00000nam a2200000 a 4500 | ||
|---|---|---|---|
| 001 | UCK2876 | ||
| 003 | CL-VaPUC | ||
| 005 | 20240717163604.0 | ||
| 008 | 050324e20010000SP |||||||||||||||||spa|d | ||
| 999 | |c 312272 |d 312270 | ||
| 020 | |a 843681360X | ||
| 040 | |c Pontificia Universidad Católica de Valparaíso | ||
| 082 | 0 | 4 | |a 331.01 |b AGU |2 21 |
| 100 | 1 | |a Agulló Tomás, Esteban |e coordinador |9 879556 | |
| 245 | 1 | 0 | |a Trabajo, individuo y sociedad: perspectivas psicosociológicas sobre el futuro del trabajo |
| 260 | |a Madrid |b Pirámide |c 2001 | ||
| 300 | |a 201 p | ||
| 490 | 0 | |a Psicología | |
| 583 | |a last modification |c 20050324 00:00:00 |k Rodrigo Vera | ||
| 650 | 0 | |a Mercado laboral |9 375911 | |
| 650 | 7 | |a PSICOSOCIOLOGIA |2 CL-VaPUC |9 337830 | |
| 650 | 0 | |a Cambio social |9 256857 | |
| 650 | 7 | |a PSICOLOGIA DEL TRABAJO |2 CL-VaPUC |9 324586 | |
| 700 | |a Ovejero Bernal, Anastasio |e coordinador |9 490850 | ||
| 942 | |c BK |2 ddc | ||
| 945 | |d 20050324 00:00:00 |a cmena | ||
| 952 | |0 0 |1 0 |4 0 |6 331_010000000000000_AGU_2001 |7 0 |8 A |9 382328 |a BIBGIM |b BIBGIM |d 2019-11-21 |i 4103130 |o 331.01 AGU 2001 |p 4103130 |r 2025-01-15 |w 2019-11-21 |y BK |k SSL | ||